| 000 | 00449nam a2200157 a 4500 | ||
|---|---|---|---|
| 001 | 000004286 | ||
| 003 | DO-SdBNP | ||
| 005 | 20211129095833.0 | ||
| 008 | 090721s2006 dr a 001 0 spa d | ||
| 040 |
_aDO-SdBNP _bspa _cBNPHU |
||
| 245 | 1 | 0 | _aCatálogo de la provincia Antillense de la Compañía de Jesús. |
| 260 |
_aSanto Domingo : _bBúho., _c2006. |
||
| 300 |
_a91 p. : _bil., mapa. ; _c22 cm. |
||
| 500 | _aIncluye índice | ||
| 942 |
_2ddc _cLBS1 |
||
| 999 |
_c4095 _d4095 |
||